| 000 | 00394nam a2200145 a 4500 | ||
|---|---|---|---|
| 001 | 5601 | ||
| 003 | CDMR | ||
| 005 | 20131028140342.0 | ||
| 008 | 130130s1973||||||||||||||||||||||||||||d | ||
| 040 |
_aCDMR _bcat _cCPC GIRONA |
||
| 245 | 1 | 3 |
_aLa televisión _cFeliciano Lorenzo Gelices |
| 260 |
_c1973 _bSalvat Editores _aBarcelona |
||
| 490 | 0 |
_aBiblioteca Salvat de grandes temas _v14 |
|
| 942 |
_cMON _2udc |
||
| 999 |
_c5601 _d5601 |
||